000 00543nam a2200181Ia 4500
008 240925s9999 xx 000 0 und d
020 _a70359687
082 _a004.66 KUM
100 _aKumar , Balaji
245 0 _aBroadband Communication: a professional guide to ATM frame relay , SMDS ,SONET, and B-ISDN
250 _aNA
260 _aNew York:
_bMcGraw-Hill
_c,1996.
300 _a411p.
_bNA
_fOriginal
500 _aIncludes Index
600 _aComputer Science
650 _aComputer science, information & general works
942 _cBK
999 _c9553
_d9553